|
|
|
|
| LEADER |
00000nam0a2200000 4500 |
| 001 |
39427 |
| 005 |
20231031011338.0 |
| 010 |
|
|
|a 5942110492
|
| 035 |
|
|
|a (RuTPU)RU\TPU\book\40278
|
| 090 |
|
|
|a 39427
|
| 100 |
|
|
|a 20020401d2001 k y0rusy50 ca
|
| 101 |
0 |
|
|a rus
|
| 102 |
|
|
|a RU
|
| 105 |
|
|
|a y z 100zy
|
| 200 |
1 |
|
|a Физические проблемы разрушения горных пород
|e Сборник трудов 2-й международной научной конференции, 25-29 сентиября 2000 г., Санкт-Петербург
|f Санкт-Петербургский государственный горный ин-т (технический ун-т); под ред. К. Н. Трубецкого, В. С. Литвиненко, С. Д. Викторова
|h Ч. 1
|
| 210 |
|
|
|a СПб.
|d 2001
|
| 215 |
|
|
|a 226 с.
|
| 225 |
1 |
|
|a Записки Санкт-Петербургского горного института им. Г. В. Плеханова
|v Т. 148(1)
|
| 610 |
1 |
|
|a горное дело
|
| 610 |
1 |
|
|a горные породы
|
| 610 |
1 |
|
|a разрушение
|
| 610 |
1 |
|
|a физические основы
|
| 610 |
1 |
|
|a взрывы
|
| 610 |
1 |
|
|a взрывчатые вещества
|
| 610 |
1 |
|
|a средства механизации
|
| 610 |
1 |
|
|a разрушение
|
| 610 |
1 |
|
|a конференции
|
| 610 |
1 |
|
|a Санкт-Петербург
|
| 675 |
|
|
|a 622.236.4(063)
|v 3
|
| 702 |
|
1 |
|a Трубецкой
|b К. Н.
|4 340
|
| 702 |
|
1 |
|a Литвиненко
|b В. С.
|4 340
|
| 702 |
|
1 |
|a Викторов
|b С. Д.
|4 340
|
| 712 |
0 |
2 |
|a Санкт-Петербургский государственный горный ин-т (технический ун-т)
|2 stltpush
|3 (RuTPU)RU\TPU\col\54
|
| 712 |
0 |
2 |
|a Физические проблемы разрушения горных пород
|c Международная научная конференция
|d 2
|e Санкт-Петербург
|
| 801 |
|
1 |
|a RU
|b 63413507
|c 20020401
|g PSBO
|
| 801 |
|
2 |
|a RU
|b 63413507
|c 20130403
|g PSBO
|
| 942 |
|
|
|c BK
|